Quiz sur la Namibie - Statistiques

Statistiques générales
  • Ce quiz a été pris 4 685 fois
  • Le résultat moyen est 11 sur 18
Statistiques - réponses
Question Réponse % Correct
Pays frontaliers Afrique du Sud
94%
Pays frontaliers Angola
91%
Langue officielle Anglais
89%
Pays frontaliers Botswana
88%
Pays frontaliers Zambie
86%
Pays européen qui a colonisé la Namibie de 1884 à 1915 Allemagne
83%
Capitale et plus grande ville Windhoek
78%
La Namibie est le pays où l'on trouve le plus d'individus de cette espèce de mammifères très rapides Guépard
76%
La Namibie est le quatrième pays qui mine le plus de cet élément radioactif Uranium
76%
Virus qui aurait infecté environ 14% des adultes namibiens VIH
71%
Seul pays du monde qui est moins densément peuplé que la Namibie Mongolie
69%
Fleuve qui coule à la frontière avec le pays frontalier #4 Zambèze
51%
Désert côtier qui est peut-être le plus vieux du monde Namib
50%
Désert majeur qui recouvre une grande partie du centre du pays Kalahari
48%
Fleuve qui coule à la frontière avec le pays frontalier #1 Orange
29%
La rivière Fish forme le plus grand ___ d'Afrique, qui fait environ 160 kilomètres de long and 550 mètres de profondeur Canyon
25%
Deuxième ville la plus peuplée {Walvis} Bay
21%
Peuple indigène de la Namibie et de ses pays voisins, qui aurait divergé de toutes les autres ethnies il y a plus de 100 000 ans San (Bochiman)
11%
Aucun quiz correspondant
Distribution des résultats
% des personnes avec chaque résultat
Percentile par nombre de réponses
Votre historique - résultats
Vous n’avez pas pris ce quiz